Pays plus grands producteurs de vin - Statistiques

Statistiques générales
  • Ce quiz a été pris 439 fois
  • Le résultat moyen est 17 sur 23
Statistiques - réponses
Rang Quantité Pays % Correct
2 4.4M t France
100%
1 5.1M t Italie
100%
3 3.9M t Espagne
99%
6 1.1M t Chine
94%
9 9.4K t Argentine
92%
11 6K t Portugal
92%
10 9K t Allemagne
90%
4 2.4M t Etats-Unis
85%
12 5.6K t Russie
85%
8 1M t Chili
84%
5 1.9M t Australie
83%
20 1.6K t Brésil
81%
15 2.6K t Grèce
80%
23 1K t Suisse
72%
14 3.1K t Nouvelle-Zélande
66%
17 2K t Autriche
64%
7 1M t Afrique du Sud
63%
18 1.9K t Hongrie
61%
13 3.3K t Roumanie
59%
21 1.2K t Bulgarie
54%
16 2.3K t Serbie
38%
19 1.7K t Moldavie
24%
22 1.1K t Géorgie
23%
Aucun quiz correspondant
Distribution des résultats
% des personnes avec chaque résultat
Percentile par nombre de réponses
Votre historique - résultats
Vous n’avez pas pris ce quiz